000 00362pam a2200157a 44500
008 230515b1994 xxu||||| |||| 00| 0 eng d
020 _aNULL
041 _aENGL
082 _a628.44068 / KRE
100 _aFRANK KREITH
245 _aHANDBOOK OF SOLID WASTE MANAGEMENT
250 _aN.D.
260 _aNULL
_bMc. G
_c1994
300 _a15 HB
650 _aNULL
999 _c628640
_d628640